01005 2200325 4500001002100000005001500021035002000036007000300056008004100059020002200100082001600122084001800138100002800156245010400184250003500288300005100323650001300374700003600387264003800423336002100461337003000482338002300512040002200535090002200557500001100579850001200590504003300602999002200635990002200657INLIS00000000088774820240620104312 a0010-0624000650ta240620s2023 yoia g 1 ind d a978-623-466-367-904223a004.678 a004.678 AAN n0 aAan DarmawanePengarang10aNodeMCU ESP8266-12 untuk internet of things (IoT) /cAan Darmawan; penyunting, Erwani Merry Sartika aCetakan pertama, Desember 2023 axiv, 151 halaman :bilustrasi, gambar ;c25 cm 4aInternet0 aErwani Merry SartikaePengarang31aSleman :bZahir Publishing,c2023 2rdacontentateks 2rdamediaatanpa perantara 2rdacarrieravolume aYOPDYOGbinderda aCB-D.11 2023-5459 aIndeks aYOPDYOG aBibliografi: halaman 149-150 aCB-D.11/2023-5459 aCB-D.11/2023-5459